[Event "Wolfsburg op-B"]
[Site "Wolfsburg"]
[Date "2024.11.17"]
[Round "5"]
[White "Popkiewicz, Adam"]
[Black "Koths, Peter"]
[Result "1/2-1/2"]
[WhiteElo "1652"]
[BlackElo "1828"]
[PlyCount "62"]
[EventDate "2024.11.15"]
[EventType "swiss"]
[EventRounds "5"]
[EventCountry "GER"]
[SourceTitle "CB49_2024"]
[SourceDate "2024.12.04"]
[SourceVersion "1"]
[SourceVersionDate "2024.12.04"]
[SourceQuality "1"]

1. e4 c5 2. Nf3 e6 3. c3 Nf6 4. Bd3 g6 5. 0-0 Bg7 6. Bc2 0-0 7. d4 cxd4 8. cxd4 Nc6 9. Bg5 Qb6 10. e5 Nd5 11. Bb3 Nde7 12. Qd2 Nf5 13. Rd1 d5 14. g4 Nfe7 15. Bf6 h6 16. h4 Kh7 17. h5 Ng8 18. g5 Nge7 19. Bxg7 Kxg7 20. gxh6+ Kh7 21. Qg5 Nf5 22. Bc2 Rg8 23. Kh1 Qxb2 24. Bxf5 gxf5 25. Qf6 Qxf2 26. Ng5+ Rxg5 27. Qxg5 Qf3+ 28. Kh2 Qf2+ 29. Kh1 Qf3+ 30. Kh2 Qf2+ 31. Kh1 Qf3+ 1/2-1/2

[Event "Wolfsburg op-B"]
[Site "Wolfsburg"]
[Date "2024.11.16"]
[Round "3"]
[White "Popkiewicz, Adam"]
[Black "Schramm, Kilian"]
[Result "1/2-1/2"]
[WhiteElo "1652"]
[BlackElo "1848"]
[PlyCount "86"]
[EventDate "2024.11.15"]
[EventType "swiss"]
[EventRounds "5"]
[EventCountry "GER"]
[SourceTitle "CB49_2024"]
[SourceDate "2024.12.04"]
[SourceVersion "1"]
[SourceVersionDate "2024.12.04"]
[SourceQuality "1"]

1. e4 c6 2. Nc3 d5 3. Nf3 dxe4 4. Nxe4 Nf6 5. Nxf6+ exf6 6. d4 Bd6 7. Bd3 0-0 8. 0-0 Bg4 9. h3 Bh5 10. Re1 Nd7 11. c4 c5 12. Be2 Re8 13. Be3 Qc7 14. dxc5 Nxc5 15. Nd4 Bxe2 16. Qxe2 a6 17. Rad1 g6 18. Qc2 f5 19. b4 Ne4 20. c5 Be5 21. Nf3 Bc3 22. a3 Bxe1 23. Rxe1 b6 24. c6 Rac8 25. Nd4 Nd6 26. Rc1 Nb5 27. a4 Nxd4 28. Bxd4 Re4 29. Qc3 Qe7 30. Bxb6 Qxb4 31. Qxb4 Rxb4 32. a5 Re4 33. c7 h6 34. Rd1 g5 35. Rd8+ Re8 36. Rd7 Kg7 37. Bd4+ Kg6 38. Ba7 f4 39. Bb8 Rxb8 40. cxb8N Rxb8 41. Rd6+ f6 42. g4 fxg3 43. fxg3 Rb3 1/2-1/2